The Great writings in management and organizational behavior
Αποθηκεύτηκε σε:
| Άλλοι συγγραφείς: | , |
|---|---|
| Μορφή: | Βιβλίο |
| Γλώσσα: | English |
| Δημοσίευση: |
Tulsa, Okla. :
PPC Books,
c1980
|
| Σειρά: | The PPC Books management series
|
| Θέματα: | |
| Ετικέτες: |
Προσθήκη ετικέτας
Δεν υπάρχουν, Καταχωρήστε ετικέτα πρώτοι!
|
MARC
| LEADER | 00000nam a2200000 i 4500 | ||
|---|---|---|---|
| 001 | 1/51278 | ||
| 008 | 960313s1980 eng d | ||
| 020 | |a 0878140972 | ||
| 035 | |l 10027145 | ||
| 040 | |a GR-MY-UA |b gre |e aacr | ||
| 041 | 0 | |a eng | |
| 082 | 0 | |a 658 | |
| 245 | 1 | 4 | |a The Great writings in management and organizational behavior / |c [edited by] Louis E. Boone, Donald D. Bowen |
| 260 | |a Tulsa, Okla. : |b PPC Books, |c c1980 | ||
| 300 | |a xi, 466 p.; |b ill.; |c 24 cm | ||
| 490 | 1 | |a The PPC Books management series | |
| 504 | |a Includes bibliographical references and indexes | ||
| 650 | 0 | 0 | |a Management. |
| 650 | 0 | 0 | |a Organizational behavior. |
| 650 | 0 | 0 | |a Industrial management. |
| 650 | 0 | 0 | |a Speeches, addresses, etc. |
| 700 | 1 | |a Boone, Louis E. | |
| 700 | 1 | |a Bowen, Donald D. | |
| 852 | |a INST |b CHIOS |e 19960313 |h 658 BOO |p 005200004696 |q 005200004696 |t BK |y 0 | ||
| 909 | |a Χ |b 000137 | ||